000 00866nam a22002417a 4500
999 _c17971
_d17971
003 AR-CdUCM
008 190510b ||||| |||| 00| 0 spa d
040 _aMUNICIPALIDAD PROVINCIAL DEL CUSCO
_cBIBLIOTECA MUNICIPAL DEL CUSCO
041 _hrus
082 _a940.3 /
_bZ76
100 _aZhukov, E. M.
_938265
245 _aLa primera guerra mundial /
260 _aMéxico D. F. :
_bGrijalbo,
_c1973.
300 _a158 páginas ;
_c19 cm.
440 _aColección 70.
_n131
_938266
505 _aContenido: El curso de las operaciones militares -- Agudización de las contradicciones internas de los países beligerantes -- Terminación de la guerra mundial.
650 _aHistoria
_9136
650 _aGuerra Mundial
_914440
650 _aRusia
_9499
700 _aSeguí, Pedro (versión español)
_938267
942 _2ddc
_cLIBROS
945 _aachl
_d2019-05-10